000 00565nam a2200229Ia 4500
003 OSt
005 20220924150731.0
006 a|||||r|||| 00| 0
007 ta
008 220923b |||||||| |||| 00| 0 kan d
024 _a334423
037 _cTextual
040 _aARTS
_cARTS
_bkan
041 _2kan
_akan
082 _aO33:gx, P1
100 _aVidwan
_9222823
245 0 _aChannabasavannanavara karanahasige
260 _c2001
650 _aKANNAD LITERATURE
942 _hO33:gx, P1
_cTEXL
_2CC
999 _c464354
_d464354